[Event "Cultural Village"]
[Site "Wijk aan Zee NED"]
[Date "2003.11.24"]
[Round "1"]
[White "Tan, Kev"]
[Black "Armas, Ju"]
[Result "0-1"]
[WhiteElo "2294"]
[BlackElo "2375"]
[PlyCount "122"]
[EventDate "2003.11.24"]
[Source "Mark Crowther"]
[SourceDate "2003.12.01"]

1. e4 c5 2. Nf3 d6 3. d4 Nf6 4. Nc3 cxd4 5. Nxd4 a6 6. Be2 e5 7. Nb3 Be7 8. O-O
O-O 9. Kh1 Be6 10. f4 exf4 11. Rxf4 Nc6 12. Nd5 Ne5 13. Bd3 Re8 14. Be3 Nfd7
15. Nxe7+ Qxe7 16. Bg1 Rac8 17. Nd4 Qg5 18. Qd2 Nc4 19. Bxc4 Bxc4 20. Be3 Nf6
21. b3 Be6 22. Raf1 Qg6 23. Qd3 d5 24. e5 Qxd3 25. cxd3 Ng4 26. Bg1 Nxe5 27.
R4f2 Nxd3 28. Rd2 Nc5 29. h3 Ne4 30. Rd3 h5 31. Kh2 Rc3 32. Rxc3 Nxc3 33. a4
Ne4 34. Rc1 Rc8 35. Rxc8+ Bxc8 36. Be3 g5 37. Kg1 f5 38. Kf1 f4 39. Bc1 Kf7 40.
Ke2 Kg6 41. Kd3 Bd7 42. Nf3 Nc5+ 43. Kc3 Kf5 44. Ba3 Ne6 45. Bd6 Ke4 46. Ne5
d4+ 47. Kd2 Bc6 48. Nd3 Kf5 49. g3 fxg3 50. Bxg3 h4 51. Bd6 Bg2 52. Nf2 Nf4 53.
Bc5 Ke5 54. Nd3+ Nxd3 55. Kxd3 Bf1+ 56. Kd2 Bxh3 57. Be7 Be6 58. Bxg5 h3 59.
Bd8 Bxb3 60. a5 Ke4 61. Bc7 Bc4 0-1

[Event "Cultural Village"]
[Site "Wijk aan Zee NED"]
[Date "2003.11.24"]
[Round "1"]
[White "Van Delft, M."]
[Black "Schuurman, P."]
[Result "1-0"]
[WhiteElo "2402"]
[BlackElo "2263"]
[PlyCount "95"]
[EventDate "2003.11.24"]
[Source "Mark Crowther"]
[SourceDate "2003.12.01"]

1. e4 c6 2. d4 d5 3. Nd2 dxe4 4. Nxe4 Bf5 5. Ng3 Bg6 6. h4 h6 7. Nf3 Nd7 8. h5
Bh7 9. Bd3 Bxd3 10. Qxd3 e6 11. Bf4 Ngf6 12. O-O-O Be7 13. Kb1 O-O 14. Ne4 Qa5
15. Nxf6+ Nxf6 16. Ne5 Rad8 17. Qg3 Kh8 18. c4 c5 19. Qf3 cxd4 20. Qxb7 Bd6 21.
Rhe1 Rb8 22. Qf3 Kg8 23. Re2 Rb6 24. Rxd4 Rfb8 25. g4 Qa4 26. Rd3 Rc8 27. b3
Qb4 28. Bd2 Qa3 29. Bc1 Qb4 30. Bb2 a5 31. g5 hxg5 32. h6 Bxe5 33. Rxe5 g4 34.
Qf4 Rd6 35. Qg5 Ne8 36. a3 Qb8 37. Rxd6 Qxd6 38. Rxa5 Qd1+ 39. Ka2 Qd8 40. hxg7
Qxg5 41. Rxg5 f5 42. a4 Rd8 43. a5 Rd2 44. b4 Nc7 45. Kb3 Rxf2 46. Be5 Ne8 47.
a6 Rf3+ 48. Ka4 1-0

[Event "Cultural Village"]
[Site "Wijk aan Zee NED"]
[Date "2003.11.24"]
[Round "1"]
[White "Wohl, A."]
[Black "Afek, Y."]
[Result "1-0"]
[WhiteElo "2379"]
[BlackElo "2376"]
[PlyCount "49"]
[EventDate "2003.11.24"]
[Source "Mark Crowther"]
[SourceDate "2003.12.01"]

1. Nf3 c5 2. c4 Nf6 3. Nc3 Nc6 4. d4 cxd4 5. Nxd4 g6 6. e4 Bg7 7. Be3 O-O 8.
Be2 d6 9. O-O Bd7 10. f3 Qb6 11. Na4 Qa5 12. Nb5 Ne5 13. b4 Qd8 14. Rc1 Bxb5
15. cxb5 Ned7 16. Qb3 Nb6 17. Nxb6 axb6 18. Rfd1 Nd7 19. f4 Qb8 20. e5 Rc8 21.
Bc4 Kf8 22. Bxf7 Rxc1 23. Bxc1 Qc8 24. Be6 Qe8 25. Qh3 1-0

[Event "Cultural Village"]
[Site "Wijk aan Zee NED"]
[Date "2003.11.25"]
[Round "2"]
[White "Armas, Ju"]
[Black "Van Delft, M."]
[Result "1/2-1/2"]
[WhiteElo "2375"]
[BlackElo "2402"]
[PlyCount "56"]
[EventDate "2003.11.24"]
[Source "Mark Crowther"]
[SourceDate "2003.12.01"]

1. d4 c6 2. e4 d5 3. Nd2 dxe4 4. Nxe4 Bf5 5. Ng3 Bg6 6. f4 e6 7. Nf3 Nd7 8. h4
h6 9. h5 Bh7 10. Bd3 Bxd3 11. Qxd3 Ngf6 12. Bd2 Qc7 13. O-O-O Bd6 14. Ne5 O-O
15. Ne4 Nxe4 16. Qxe4 f5 17. Qe1 Nf6 18. Bb4 Rad8 19. Bxd6 Qxd6 20. Kb1 Qd5 21.
g3 Kh7 22. Rh2 c5 23. c3 Qe4+ 24. Qxe4 Nxe4 25. Rg2 cxd4 26. cxd4 Nf6 27. Rh2
Ne4 28. Rg2 Nf6 1/2-1/2

[Event "Cultural Village"]
[Site "Wijk aan Zee NED"]
[Date "2003.11.25"]
[Round "2"]
[White "Bezemer, A."]
[Black "Tan, Kev"]
[Result "1/2-1/2"]
[WhiteElo "2355"]
[BlackElo "2294"]
[PlyCount "75"]
[EventDate "2003.11.24"]
[Source "Mark Crowther"]
[SourceDate "2003.12.01"]

1. e4 c5 2. Nf3 d6 3. d4 cxd4 4. Nxd4 Nf6 5. Nc3 g6 6. Bc4 Bg7 7. O-O O-O 8.
Re1 Nc6 9. Nb3 Bd7 10. Bf1 Rc8 11. Nd5 Re8 12. c3 a5 13. a4 Nxd5 14. exd5 Ne5
15. Nd4 Nc4 16. Qb3 Qc7 17. Nb5 Qc5 18. Re4 Nb6 19. c4 Bxb5 20. axb5 a4 21. Qd1
Qb4 22. Qe2 Bf6 23. g3 Kg7 24. h4 Ra8 25. Bh3 h5 26. Qe3 Nxc4 27. Qh6+ Kg8 28.
Be6 fxe6 29. Qxg6+ Bg7 30. dxe6 Rf8 31. Bh6 Qxb2 32. Qxg7+ Qxg7 33. Bxg7 Kxg7
34. Rxc4 Kf6 35. Raxa4 Rxa4 36. Rxa4 Kxe6 37. Ra7 Rb8 38. Ra3 1/2-1/2

[Event "Cultural Village"]
[Site "Wijk aan Zee NED"]
[Date "2003.11.25"]
[Round "2"]
[White "Langheinrich, F."]
[Black "Bottema, To"]
[Result "1-0"]
[WhiteElo "2384"]
[BlackElo "2305"]
[PlyCount "109"]
[EventDate "2003.11.24"]
[Source "Mark Crowther"]
[SourceDate "2003.12.01"]

1. d4 g6 2. c4 Bg7 3. Nc3 d6 4. Nf3 e5 5. Bg5 f6 6. Be3 Nc6 7. dxe5 Nxe5 8.
Nxe5 fxe5 9. g3 Ne7 10. Qd2 Be6 11. Bg2 Bxc4 12. Bxb7 O-O 13. Bg5 Qb8 14. Be4
Nf5 15. h4 Qb6 16. h5 c6 17. hxg6 hxg6 18. Nd5 Qd4 19. Qxd4 exd4 20. Nf4 d5 21.
Bd3 Kf7 22. Rc1 Bxa2 23. Rxc6 Rac8 24. Rxc8 Rxc8 25. O-O Rb8 26. Rc1 Bc4 27.
Bxc4 dxc4 28. Rxc4 Rxb2 29. Rc7+ Kg8 30. Rd7 a5 31. g4 Bh6 32. Bxh6 Nxh6 33.
Rxd4 Nxg4 34. Nxg6 Rb4 35. Rd7 Nf6 36. Ne7+ Kf7 37. Ra7 Rb2 38. Kf1 Ke6 39. Nc6
Rb1+ 40. Kg2 Rc1 41. Nd4+ Kd5 42. e3 Ra1 43. Nb3 Rb1 44. Rxa5+ Ke6 45. Nd4+ Kf7
46. Kf3 Rb2 47. Rc5 Ra2 48. Nc2 Nd7 49. Rc7 Ke6 50. Nd4+ Kd6 51. Rc2 Ra1 52.
Ke2 Kd5 53. Rd2 Rb1 54. Nf5+ Ke6 55. Rd6+ 1-0

[Event "Cultural Village"]
[Site "Wijk aan Zee NED"]
[Date "2003.11.25"]
[Round "2"]
[White "Schuurman, P."]
[Black "Wohl, A."]
[Result "0-1"]
[WhiteElo "2263"]
[BlackElo "2379"]
[PlyCount "76"]
[EventDate "2003.11.24"]
[Source "Mark Crowther"]
[SourceDate "2003.12.01"]

1. d4 e6 2. c4 Bb4+ 3. Nc3 b6 4. Bd2 Nf6 5. a3 Bxc3 6. Bxc3 O-O 7. Qc2 Bb7 8.
f3 d5 9. Nh3 c5 10. O-O-O Nc6 11. e3 cxd4 12. exd4 dxc4 13. Ng5 Qd5 14. Ne4 b5
15. Nc5 Rab8 16. Qf2 a5 17. b3 Ba8 18. bxc4 bxc4 19. Qa2 Qg5+ 20. Qd2 Qf5 21.
Qc2 Nd5 22. Qxf5 exf5 23. Kd2 Rfe8 24. Bxc4 Ne3 25. Bd3 Nxd1 26. Rxd1 Red8 27.
Ke3 Rd5 28. Bc4 Rd6 29. d5 Rc8 30. Rb1 Ne7 31. Be5 Nxd5+ 32. Kf2 Rb6 33. Re1
Rxc5 34. Bd4 Rc8 35. Bxd5 Rd6 36. Bxa8 Rxd4 37. Bb7 Rc2+ 38. Ke3 Rd8 0-1

[Event "Cultural Village"]
[Site "Wijk aan Zee NED"]
[Date "2003.11.27"]
[Round "3"]
[White "Ris, R."]
[Black "Schuurman, P."]
[Result "1/2-1/2"]
[WhiteElo "2297"]
[BlackElo "2263"]
[PlyCount "111"]
[EventDate "2003.11.24"]
[Source "Mark Crowther"]
[SourceDate "2003.12.01"]

1. e4 c6 2. c4 d5 3. exd5 cxd5 4. cxd5 Nf6 5. Nc3 g6 6. Bc4 Bg7 7. Qb3 O-O 8.
Nge2 Nbd7 9. O-O Ne5 10. d3 a6 11. a4 Qc7 12. Be3 Nfg4 13. Bf4 g5 14. Bg3 h5
15. h3 h4 16. Bxe5 Nxe5 17. f4 Ng6 18. fxg5 Qe5 19. d6 Qe3+ 20. Kh1 e6 21. Rae1
b5 22. axb5 Bb7 23. Ne4 Bxe4 24. dxe4 Qxb3 25. Bxb3 Be5 26. bxa6 Rxa6 27. d7
Rd8 28. Rd1 Ra7 29. Nc3 Rdxd7 30. Ba4 Rxd1 31. Bxd1 Rb7 32. Na4 Rb4 33. Nc5
Rxb2 34. Bh5 Kg7 35. Nd7 Bg3 36. Nf6 Nf4 37. Bf3 e5 38. Ng4 Ne6 39. g6 fxg6 40.
Kg1 Nd4 41. Rd1 Kf7 42. Rf1 Ke7 43. Ne3 Ra2 44. Bg4 Kd6 45. Bf3 Kc5 46. Re1 Kb4
47. Nd5+ Kb3 48. Rb1+ Kc2 49. Rf1 Rb2 50. Ne7 g5 51. Nd5 Kb3 52. Bd1+ Kc4 53.
Bf3 Kb3 54. Bd1+ Kc4 55. Bf3 Kb3 56. Bd1+ 1/2-1/2

[Event "Cultural Village"]
[Site "Wijk aan Zee NED"]
[Date "2003.11.27"]
[Round "3"]
[White "Van Delft, M."]
[Black "Bezemer, A."]
[Result "1/2-1/2"]
[WhiteElo "2402"]
[BlackElo "2355"]
[PlyCount "65"]
[EventDate "2003.11.24"]
[Source "Mark Crowther"]
[SourceDate "2003.12.01"]

1. Nf3 Nf6 2. g3 g6 3. b3 Bg7 4. Bb2 O-O 5. Bg2 d5 6. c4 c6 7. O-O Re8 8. d4 a5
9. Nc3 Be6 10. Ne5 Nbd7 11. cxd5 cxd5 12. Rc1 Rc8 13. Qd2 Nxe5 14. dxe5 Ng4 15.
Nxd5 Nxe5 16. Rxc8 Bxc8 17. Bc3 Nc6 18. Bxg7 Kxg7 19. Rd1 e5 20. Qb2 Be6 21. e3
Re7 22. Nc3 Rd7 23. Rxd7 Qxd7 24. h4 f6 25. Kh2 Nb4 26. Ne4 b6 27. a3 Nd5 28.
Nc3 Nxc3 29. Qxc3 Qd6 30. b4 axb4 31. axb4 Kf7 32. f4 Ke7 33. Qa3 1/2-1/2

[Event "Cultural Village"]
[Site "Wijk aan Zee NED"]
[Date "2003.11.27"]
[Round "3"]
[White "Wohl, A."]
[Black "Armas, Ju"]
[Result "1-0"]
[WhiteElo "2379"]
[BlackElo "2375"]
[PlyCount "77"]
[EventDate "2003.11.24"]
[Source "Mark Crowther"]
[SourceDate "2003.12.01"]

1. Nf3 Nf6 2. c4 d6 3. d4 c5 4. Nc3 cxd4 5. Nxd4 g6 6. e4 Bg7 7. Be2 Nc6 8. Be3
O-O 9. O-O Bd7 10. f3 a6 11. Nb3 Na5 12. Nd2 Nc6 13. Rc1 b6 14. Qe1 Rb8 15. Qf2
Ne5 16. b4 b5 17. c5 dxc5 18. Bxc5 Be6 19. Rfd1 Qe8 20. f4 Ned7 21. Ba7 Rb7 22.
h3 Rc7 23. Bd4 Qc8 24. Bf3 Rd8 25. e5 Ne8 26. Nde4 Rc4 27. Be3 Kf8 28. a3 f6
29. exf6 Ndxf6 30. Rxd8 Qxd8 31. Nc5 Bf7 32. Rd1 Nd6 33. N3e4 Nfxe4 34. Nxe4
Qc7 35. Ng5 Bg8 36. Bd5 Bxd5 37. Rxd5 Kg8 38. Qf3 Qc8 39. Rxd6 1-0

[Event "Cultural Village"]
[Site "Wijk aan Zee NED"]
[Date "2003.11.28"]
[Round "4"]
[White "Armas, Ju"]
[Black "Ris, R."]
[Result "0-1"]
[WhiteElo "2375"]
[BlackElo "2297"]
[PlyCount "74"]
[EventDate "2003.11.24"]
[Source "Mark Crowther"]
[SourceDate "2003.12.01"]

1. e4 c6 2. d4 d5 3. Nd2 dxe4 4. Nxe4 Bf5 5. Ng3 Bg6 6. Nf3 Nd7 7. Nh4 e6 8.
Nxg6 hxg6 9. Ne4 Qc7 10. g3 O-O-O 11. Bg2 Ngf6 12. Ng5 Nb6 13. O-O Kb8 14. c3
c5 15. Bf4 Bd6 16. Bxd6 Rxd6 17. Qe2 cxd4 18. cxd4 Rc8 19. a4 a6 20. a5 Nbd5
21. b4 Nc3 22. Qe5 Ne8 23. Nf3 f6 24. Qe1 Qc4 25. Bh3 Nc7 26. Qe3 N7d5 27. Qd2
Qxb4 28. Rfe1 Rcc6 29. Qd3 g5 30. Qg6 Qb3 31. Qxg7 Ka7 32. Qg8 Qb2 33. Qh7 Nb4
34. Rf1 Nc2 35. Rad1 Nxd1 36. Rxd1 Nxd4 37. Nxd4 Rxd4 0-1

[Event "Cultural Village"]
[Site "Wijk aan Zee NED"]
[Date "2003.11.28"]
[Round "4"]
[White "Langheinrich, F."]
[Black "Afek, Y."]
[Result "1-0"]
[WhiteElo "2384"]
[BlackElo "2376"]
[PlyCount "31"]
[EventDate "2003.11.24"]
[Source "Mark Crowther"]
[SourceDate "2003.12.01"]

1. e4 c5 2. Nf3 Nf6 3. Nc3 Nc6 4. d4 d5 5. exd5 Nxd5 6. Nxd5 Qxd5 7. Be3 cxd4
8. Nxd4 a6 9. Be2 Qxg2 10. Bf3 Qg6 11. Nxc6 bxc6 12. Qd4 Bf5 13. O-O-O Rc8 14.
Rhg1 Qe6 15. Rg5 Bh3 16. Rh5 1-0

[Event "Cultural Village"]
[Site "Wijk aan Zee NED"]
[Date "2003.11.29"]
[Round "5"]
[White "Bottema, To"]
[Black "Armas, Ju"]
[Result "0-1"]
[WhiteElo "2305"]
[BlackElo "2375"]
[PlyCount "126"]
[EventDate "2003.11.24"]
[Source "Mark Crowther"]
[SourceDate "2003.12.01"]

1. e4 c5 2. Nf3 d6 3. d4 Nf6 4. Nc3 cxd4 5. Nxd4 a6 6. Rg1 e5 7. Nb3 b5 8. a4
b4 9. Nd5 Bb7 10. Be3 Nbd7 11. Bc4 Bxd5 12. Bxd5 Nxd5 13. Qxd5 Rc8 14. O-O-O
Qc7 15. Qd3 Qc6 16. a5 Be7 17. Kb1 O-O 18. Rc1 Nf6 19. f3 d5 20. Bg5 Rc7 21.
Bxf6 dxe4 22. fxe4 Bxf6 23. Qd5 Qxd5 24. exd5 Rd8 25. Rcd1 Rcd7 26. c4 bxc3 27.
bxc3 Rxd5 28. Rxd5 Rxd5 29. c4 Rd3 30. Nc5 Ra3 31. Rc1 Rxa5 32. Nb3 Ra3 33. Kb2
Ra4 34. Nc5 Rb4+ 35. Kc3 a5 36. Nd7 Bg5 37. Ra1 Rb7 38. Nxe5 Ra7 39. Ra4 Kf8
40. Nc6 Bf6+ 41. Kd3 Ra6 42. Nb4 Rd6+ 43. Nd5 Bd8 44. Kd4 Rg6 45. Ra2 Ke8 46.
Kc5 Kd7 47. Rf2 Rc6+ 48. Kb5 Kd6 49. Ne3 Rb6+ 50. Ka4 Rb4+ 51. Ka3 Bb6 52. Rd2+
Kc6 53. Nf5 g6 54. Nd4+ Kc5 55. Nb5 Kxc4 56. Nd6+ Kc3 57. Rd5 f5 58. Nc8 Rb3+
59. Ka4 Kc4 60. Nxb6+ Rxb6 61. Rd7 Rb2 62. Kxa5 Rxg2 63. Rxh7 Kd3 0-1

[Event "Cultural Village"]
[Site "Wijk aan Zee NED"]
[Date "2003.11.29"]
[Round "5"]
[White "Ris, R."]
[Black "Bezemer, A."]
[Result "1/2-1/2"]
[WhiteElo "2297"]
[BlackElo "2355"]
[PlyCount "56"]
[EventDate "2003.11.24"]
[Source "Mark Crowther"]
[SourceDate "2003.12.01"]

1. e4 c5 2. Nf3 d6 3. d4 cxd4 4. Nxd4 Nf6 5. Nc3 a6 6. Bg5 e6 7. f4 b5 8. e5
dxe5 9. fxe5 Qc7 10. exf6 Qe5+ 11. Be2 Qxg5 12. Qd3 gxf6 13. Ne4 Qe5 14. O-O-O
Be7 15. Nf3 Qc7 16. Rhf1 Nd7 17. Nd4 f5 18. Bh5 O-O 19. Nxf5 exf5 20. Rxf5 Nc5
21. Rxc5 Qf4+ 22. Kb1 Bxc5 23. Rf1 Qh6 24. Qd5 Be6 25. Qe5 Qe3 26. Nf6+ Kh8 27.
Ne4+ Kg8 28. Nf6+ Kh8 1/2-1/2

[Event "Cultural Village"]
[Site "Wijk aan Zee NED"]
[Date "2003.11.29"]
[Round "5"]
[White "Wohl, A."]
[Black "Tan, Kev"]
[Result "0-1"]
[WhiteElo "2379"]
[BlackElo "2294"]
[PlyCount "60"]
[EventDate "2003.11.24"]
[Source "Mark Crowther"]
[SourceDate "2003.12.01"]

1. Nf3 Nf6 2. c4 g6 3. Nc3 Bg7 4. d4 d6 5. Bg5 O-O 6. e3 c6 7. Be2 Qc7 8. O-O
e5 9. b4 Bf5 10. Rc1 h6 11. Bh4 Nbd7 12. h3 g5 13. Bg3 Ne4 14. Nxe4 Bxe4 15. h4
Bxf3 16. Bxf3 f5 17. hxg5 hxg5 18. c5 d5 19. dxe5 Bxe5 20. Bxe5 Nxe5 21. Be2 g4
22. Qd4 Rae8 23. f4 g3 24. fxe5 Qh7 25. Bh5 Qxh5 26. Rfe1 f4 27. exf4 Qh4 28.
Qd3 Rxf4 29. Qg6+ Kf8 30. Qd6+ Re7 0-1

[Event "Cultural Village"]
[Site "Wijk aan Zee NED"]
[Date "2003.11.30"]
[Round "6"]
[White "Armas, Ju"]
[Black "Afek, Y."]
[Result "1/2-1/2"]
[WhiteElo "2375"]
[BlackElo "2376"]
[PlyCount "21"]
[EventDate "2003.11.24"]
[Source "Mark Crowther"]
[SourceDate "2003.12.01"]

1. e4 e6 2. d4 d5 3. Nd2 Nf6 4. e5 Nfd7 5. c3 c5 6. Bd3 Nc6 7. Ne2 Qb6 8. Nf3
cxd4 9. cxd4 Bb4+ 10. Bd2 O-O 11. O-O 1/2-1/2

[Event "Cultural Village"]
[Site "Wijk aan Zee NED"]
[Date "2003.11.30"]
[Round "6"]
[White "Bezemer, A."]
[Black "Bottema, To"]
[Result "1-0"]
[WhiteElo "2355"]
[BlackElo "2305"]
[PlyCount "59"]
[EventDate "2003.11.24"]
[Source "Mark Crowther"]
[SourceDate "2003.12.01"]

1. e4 Nf6 2. e5 Nd5 3. d4 d6 4. c4 Nb6 5. exd6 exd6 6. Nc3 Be7 7. h3 Bf5 8. Nf3
O-O 9. Be2 c6 10. O-O Na6 11. Bf4 Nc7 12. Qb3 Re8 13. Rad1 Qc8 14. Rfe1 Bf8 15.
Bh2 h6 16. a4 Nd7 17. a5 Nf6 18. Qa4 Ne4 19. Nxe4 Rxe4 20. b4 Qd7 21. Bf1 Be7
22. g4 Rxe1 23. Rxe1 Bg6 24. d5 Bf6 25. dxc6 bxc6 26. Rd1 d5 27. b5 cxb5 28.
cxb5 a6 29. Bxc7 axb5 30. Qf4 1-0

[Event "Cultural Village"]
[Site "Wijk aan Zee NED"]
[Date "2003.11.30"]
[Round "6"]
[White "Langheinrich, F."]
[Black "Schuurman, P."]
[Result "1-0"]
[WhiteElo "2384"]
[BlackElo "2263"]
[PlyCount "111"]
[EventDate "2003.11.24"]
[Source "Mark Crowther"]
[SourceDate "2003.12.01"]

1. e4 c6 2. d4 d5 3. Nc3 dxe4 4. Nxe4 Bf5 5. Nc5 b6 6. Nb3 Nf6 7. Nf3 Nbd7 8.
g3 e6 9. Bg2 Rc8 10. Qe2 Be7 11. Ne5 Nd5 12. a3 b5 13. Nxd7 Qxd7 14. h4 h6 15.
Nc5 Qd8 16. O-O O-O 17. Bd2 Bxc2 18. Bxh6 Bf5 19. Be3 Re8 20. Rac1 Bf6 21. Qf3
Bg6 22. Bh3 Nb6 23. b3 Bxd4 24. Nb7 Qf6 25. Qxf6 Bxf6 26. Nd6 Bb2 27. Rcd1 Bxa3
28. Nxe8 Rxe8 29. Ra1 Bb4 30. Bg2 Nd5 31. Rxa7 Rc8 32. Rb7 Bc3 33. g4 b4 34.
Bc5 Bd3 35. Rc1 Bb5 36. Bxd5 exd5 37. Bxb4 Bxb4 38. Rxb5 Be7 39. Rxd5 Bxh4 40.
g5 Kh7 41. Rdc5 f6 42. gxf6 Bxf6 43. Rxc6 Rb8 44. Rb1 Rb5 45. b4 Bd4 46. Rc4
Rg5+ 47. Kf1 Bb6 48. b5 Rf5 49. Rc2 g6 50. Rbb2 Kg7 51. Kg2 Kh6 52. f3 Rg5+ 53.
Kf1 Bd4 54. Rb4 Bb6 55. Rc6 Ba5 56. Rb3 1-0

[Event "Cultural Village"]
[Site "Wijk aan Zee NED"]
[Date "2003.11.30"]
[Round "6"]
[White "Van Delft, M."]
[Black "Wohl, A."]
[Result "1/2-1/2"]
[WhiteElo "2402"]
[BlackElo "2379"]
[PlyCount "33"]
[EventDate "2003.11.24"]
[Source "Mark Crowther"]
[SourceDate "2003.12.01"]

1. e4 Nf6 2. e5 Nd5 3. d4 d6 4. Nf3 dxe5 5. Nxe5 c6 6. Bc4 Nd7 7. Nxd7 Bxd7 8.
O-O e6 9. Nd2 Nb6 10. Bb3 c5 11. dxc5 Bxc5 12. Ne4 Be7 13. Nd6+ Bxd6 14. Qxd6
Bb5 15. Rd1 Qxd6 16. Rxd6 Nc4 17. Rd4 1/2-1/2

[Event "Cultural Village"]
[Site "Wijk aan Zee NED"]
[Date "2003.12.01"]
[Round "7"]
[White "Schuurman, P."]
[Black "Armas, Ju"]
[Result "1/2-1/2"]
[WhiteElo "2263"]
[BlackElo "2375"]
[PlyCount "116"]
[EventDate "2003.11.24"]
[Source "Mark Crowther"]
[SourceDate "2003.12.15"]

1. d4 Nf6 2. c4 c5 3. d5 e6 4. Nc3 exd5 5. cxd5 d6 6. e4 g6 7. f4 Bg7 8. Bb5+
Nfd7 9. a4 O-O 10. Nf3 Na6 11. O-O Nc7 12. Bxd7 Bxd7 13. f5 gxf5 14. Bg5 f6 15.
Bf4 Ne8 16. Qd2 a6 17. exf5 Bxf5 18. Nh4 Bd7 19. Rf3 b5 20. Rg3 f5 21. Bg5 Nf6
22. Qc2 Qe8 23. Rf1 Ne4 24. Nxe4 Qxe4 25. Bf6 Rf7 26. Qc3 b4 27. Rxg7+ Rxg7 28.
Qd2 Rg4 29. Re1 Qf4 30. Qxf4 Rxf4 31. Re7 Re8 32. Rg7+ Kf8 33. g3 Rxh4 34. gxh4
Bxa4 35. Rxh7 Bb3 36. h5 Bxd5 37. h6 Re6 38. Rh8+ Kf7 39. Rf8+ Kg6 40. Bg7 Bc4
41. Kf2 a5 42. Ra8 Re2+ 43. Kg3 Re3+ 44. Kf2 Re2+ 45. Kg3 Rg2+ 46. Kxg2 Bd5+
47. Kf2 Bxa8 48. Bf8 c4 49. Bxd6 Kxh6 50. Ke2 Kg5 51. Bc7 a4 52. Bd6 c3 53.
bxc3 a3 54. cxb4 Kf6 55. Bc5 Ke5 56. Bf8 Kf6 57. Bc5 Ke5 58. Bf8 Kf6 1/2-1/2

[Event "Cultural Village"]
[Site "Wijk aan Zee NED"]
[Date "2003.12.01"]
[Round "7"]
[White "Wohl, A."]
[Black "Langheinrich, F."]
[Result "1-0"]
[WhiteElo "2379"]
[BlackElo "2384"]
[PlyCount "85"]
[EventDate "2003.11.24"]
[Source "Mark Crowther"]
[SourceDate "2003.12.15"]

1. Nf3 Nf6 2. c4 g6 3. Nc3 Bg7 4. g3 O-O 5. Bg2 d6 6. O-O Nc6 7. d3 e5 8. Bg5
h6 9. Bxf6 Bxf6 10. Rb1 a5 11. a3 Bg7 12. b4 axb4 13. axb4 f5 14. b5 Ne7 15.
Qb3 Kh8 16. e3 g5 17. Nd5 f4 18. Rfc1 Bg4 19. Nd2 Nxd5 20. cxd5 b6 21. Qc4 Rc8
22. Ra1 e4 23. d4 Bf3 24. Nxf3 fxe3 25. fxe3 exf3 26. Bh3 Ra8 27. Ra6 f2+ 28.
Kf1 Qf6 29. Rxa8 Rxa8 30. Qe2 Qg6 31. Kxf2 Re8 32. Be6 Rf8+ 33. Kg1 Qe4 34. Rf1
Rxf1+ 35. Qxf1 Qxe3+ 36. Kg2 h5 37. Qf7 Qe2+ 38. Kh3 g4+ 39. Kh4 Qxh2+ 40. Kg5
Qd2+ 41. Kxh5 Qh2+ 42. Kxg4 Qe2+ 43. Kh3 1-0

[Event "Cultural Village"]
[Site "Wijk aan Zee NED"]
[Date "2003.12.02"]
[Round "8"]
[White "Bezemer, A."]
[Black "Schuurman, P."]
[Result "1/2-1/2"]
[WhiteElo "2355"]
[BlackElo "2263"]
[PlyCount "93"]
[EventDate "2003.11.24"]
[Source "Mark Crowther"]
[SourceDate "2003.12.08"]

1. e4 c6 2. d4 d5 3. Nc3 dxe4 4. Nxe4 Bf5 5. Ng3 Bg6 6. h4 h6 7. Nf3 Nd7 8. h5
Bh7 9. Bd3 Bxd3 10. Qxd3 e6 11. Bf4 Ngf6 12. O-O-O Be7 13. Kb1 O-O 14. Ne4 Qa5
15. Nxf6+ Nxf6 16. Ne5 Rad8 17. Qg3 Kh8 18. Rd3 Nd7 19. c4 Bf6 20. Ra3 Qb6 21.
Be3 Bxe5 22. dxe5 c5 23. Bxh6 gxh6 24. Qf4 Kh7 25. Rg3 Nxe5 26. Qe4+ f5 27.
Qxe5 Rf7 28. Re1 Rd6 29. a3 Qd8 30. Ka2 Rb6 31. Rg6 Qd3 32. Ka1 Qxc4 33. Qb8
Rg7 34. Rxh6+ Kxh6 35. Qh8+ Rh7 36. Qf6+ Kxh5 37. Rh1+ Kg4 38. Qg6+ Kf4 39.
Qxh7 Qe2 40. Qh6+ Ke5 41. Qg7+ Kd6 42. Rc1 Qd2 43. Qf8+ Ke5 44. Qf7 Kd6 45.
Qf8+ Kd7 46. Qf7+ Kd6 47. Qf8+ 1/2-1/2

[Event "Cultural Village"]
[Site "Wijk aan Zee NED"]
[Date "2003.12.02"]
[Round "8"]
[White "Tan, Kev"]
[Black "Afek, Y."]
[Result "1/2-1/2"]
[WhiteElo "2294"]
[BlackElo "2376"]
[PlyCount "117"]
[EventDate "2003.11.24"]
[Source "Mark Crowther"]
[SourceDate "2003.12.08"]

1. e4 c5 2. Nf3 Nf6 3. Nc3 Nc6 4. d4 d5 5. exd5 Nxd5 6. Nxd5 Qxd5 7. Be3 cxd4
8. Nxd4 a6 9. Be2 e5 10. Nf3 Qxd1+ 11. Rxd1 Be7 12. Bc4 Bg4 13. h3 Bxf3 14.
gxf3 Rc8 15. c3 Nd8 16. Bb3 Ne6 17. O-O Bc5 18. Rd5 Bxe3 19. fxe3 Rc5 20. Rfd1
Rxd5 21. Rxd5 f6 22. Ba4+ b5 23. Bc2 Ke7 24. a4 bxa4 25. Bxa4 Rb8 26. b4 Rc8
27. Rd7+ Kf8 28. Rd6 Ke7 29. Rc6 Rxc6 30. Bxc6 Nc7 31. Kf2 Kd6 32. Bb7 Nd5 33.
Bxa6 Nxc3 34. Bd3 h6 35. Bh7 Nd5 36. b5 Kc5 37. Bg8 Ne7 38. Be6 Kxb5 39. f4 Nc6
40. Kg3 Kc5 41. Kg4 exf4 42. exf4 Kd4 43. Bd7 Ne7 44. Kf3 Kd3 45. Bb5+ Kd2 46.
Ke4 Ke1 47. Kf3 Nf5 48. Bd3 Ne7 49. Bb5 Kd2 50. Ke4 Nc8 51. Bd7 Nd6+ 52. Kd5
Ke3 53. Kxd6 Kxf4 54. Ke7 f5 55. Kf7 g5 56. Kg6 g4 57. hxg4 fxg4 58. Bxg4 Kxg4
59. Kxh6 1/2-1/2

[Event "Cultural Village"]
[Site "Wijk aan Zee NED"]
[Date "2003.12.02"]
[Round "8"]
[White "Wohl, A."]
[Black "Ris, R."]
[Result "0-1"]
[WhiteElo "2379"]
[BlackElo "2297"]
[PlyCount "147"]
[EventDate "2003.11.24"]
[Source "Mark Crowther"]
[SourceDate "2003.12.08"]

1. Nf3 Nf6 2. c4 e6 3. g3 b6 4. Bg2 Bb7 5. O-O Be7 6. Nc3 O-O 7. d4 d5 8. Ne5
Qc8 9. cxd5 exd5 10. Bg5 Rd8 11. Rc1 Na6 12. Qb3 Qe6 13. f4 c6 14. f5 Qd6 15.
e4 Nc5 16. dxc5 Qxe5 17. exd5 Bxc5+ 18. Kh1 cxd5 19. Rce1 Qd6 20. Rd1 Qc6 21.
Bxf6 Qxf6 22. Bxd5 Bxd5+ 23. Nxd5 Qe5 24. f6 g6 25. Rfe1 Qh5 26. Kg2 Re8 27.
Ne7+ Bxe7 28. Rd5 g5 29. fxe7 Qg6 30. Qb5 h6 31. Qd7 Kg7 32. Re2 Rac8 33. Rd6
Qh5 34. g4 Qh4 35. Rd3 h5 36. Rg3 f6 37. h3 hxg4 38. hxg4 Qh7 39. Rf3 Rc1 40.
Rh3 Qb1 41. Qd4 Rd1 42. Qe3 Qxa2 43. b3 Qa5 44. Rf3 Qd5 45. Qe6 Rg1+ 46. Kxg1
Qxf3 47. Re3 Qf4 48. Kg2 b5 49. Re2 Qc7 50. Qe4 a5 51. Re3 Qf4 52. Qe6 Qc7 53.
Qe4 Qf4 54. Qe6 Qd4 55. Rh3 Qd2+ 56. Kg1 Qc1+ 57. Kg2 Qc2+ 58. Kg1 Qc5+ 59. Re3
a4 60. b4 Qxb4 61. Qd7 Qb1+ 62. Kg2 Qg6 63. Qxb5 a3 64. Qa4 Kf7 65. Qb3+ Kg7
66. Qxa3 Qc2+ 67. Kg3 Qc7+ 68. Kg2 Qf4 69. Qc5 Qxg4+ 70. Kf2 Qd7 71. Kg3 Rh8
72. Kg2 Qg4+ 73. Rg3 Qe2+ 74. Kg1 0-1